25 najludniejszych miast w Chinach - Statystyki

Ogólne statystyki
  • Ten quiz został rozwiązany 20 razy
  • Średni wynik to 11 z 25
Statystyki odpowiedzi
Nr. Liczba ludności Miasto % Poprawnych
2. 21,167,303 Pekin
100%
1. 26,875,500 Szanghaj
100%
3. 18,810,600 Kanton
88%
9. 8,546,775 Wuhan
88%
5. 15,025,554 Chengdu
75%
10. 8,438,050 Xi'an
69%
7. 12,313,714 Chongqing
63%
4. 17,633,800 Shenzhen
63%
13. 7,489,198 Dongguan
38%
15. 6,612,795 Harbin
38%
6. 13,929,152 Tianjin
38%
20. 4,766,296 Changsha
31%
16. 5,871,474 Dalian
31%
14. 7,462,797 Foshan
31%
8. 9,320,689 Nanjing
31%
23. 4,335,017 Ürümqi
31%
11. 7,969,372 Hangzhou
25%
19. 5,606,374 Jinan
25%
17. 5,818,255 Qingdao
25%
12. 7,469,474 Shenyang
25%
18. 5,621,593 Zhengzhou
25%
25. 4,330,000 Suzhou
19%
22. 4,408,154 Changchun
13%
21. 4,422,686 Kunming
13%
24. 4,312,192 Shantou
13%
Nie znaleziono quizów pasujących do podanych kryteriów
Rozkład punktacji
Procent ludzi z każdym wynikiem
Percentyl według liczby udzielonych odpowiedzi
Twoja historia wyników
Nie rozwiązałeś tego quizu